| 000 -LEADER |
| fixed length control field |
00395cam a22001217a 4500 |
| 008 - FIXED-LENGTH DATA ELEMENTS--GENERAL INFORMATION |
| fixed length control field |
180718b1963 xxu||||| |||| 00| 0 eng d |
| 082 ## - DEWEY DECIMAL CLASSIFICATION NUMBER |
| Classification number |
T25084 N213r |
| 100 ## - MAIN ENTRY--PERSONAL NAME |
| Personal name |
Terleckyj, Nestor E. |
| 245 ## - TITLE STATEMENT |
| Title |
Research and development: its growth and composition |
| Statement of responsibility, etc. |
by Nestor E. Terleckyj |
| 260 ## - PUBLICATION, DISTRIBUTION, ETC. |
| Place of publication, distribution, etc. |
New York |
| Name of publisher, distributor, etc. |
National Industrial Conference Board |
| Date of publication, distribution, etc. |
1963 |
| 300 ## - PHYSICAL DESCRIPTION |
| Extent |
115p. |
| 650 ## - SUBJECT ADDED ENTRY--TOPICAL TERM |
| Topical term or geographic name entry element |
Industrial Research |